000
00242nam a2200085Ia 4500
008
170620s9999 xx 000 0 und d
100
_a
Ood- Lakshmi Lal K. (Hindi)
245
0
_a
Shaikshik Prasasan (Hindi)
260
_b
Jaipur- Rajasthan Hindi Granth Academy
260
_c
2002
999
_c
23744
_d
23744